La política de estabilización financiera del Fondo Monetario Internacional y la economía de Guatemala /
Gardado en:
| Autor Principal: | |
|---|---|
| Formato: | Tesis |
| Publicado: |
Guatemala:
Universidad de San Carlos de Guatemala
|
| Etiquetas: |
Engadir etiqueta
Sen Etiquetas, Sexa o primeiro en etiquetar este rexistro!
|
MARC
| LEADER | 00000 a a2200000 04500 | ||
|---|---|---|---|
| 001 | 20978 | ||
| 003 | |||
| 040 | |a CRAI/IIS |c CRAI/IIS | ||
| 090 | |a 09022.00 | ||
| 100 | |a Villatoro Dávila, Darío | ||
| 245 | |a La política de estabilización financiera del Fondo Monetario Internacional y la economía de Guatemala / |c Darío Villatoro Dávila | ||
| 260 | |a Guatemala: |b Universidad de San Carlos de Guatemala | ||
| 300 | |a 125 páginas | ||
| 502 | |a Tesis (Licenciado en Economía) -- Universidad de San Carlos de Guatemala. Facultad de Ciencias Económicas, 1971 | ||
| 999 | |c 17981 |d 17981 | ||
